000 00562nam a2200121Ia 4500
008 171212s9999 xx 000 0 und d
020 _a9780833058225
100 _aJaycox, Lisa H.;Hickman, Laura J.;Schultz, Dana;Barnes-Proby, Dionne;Setodji, Claude Messan
245 _cJaycox, Lisa H.;Hickman, Laura J.;Schultz, Dana;Barnes-Proby, Dionne;Setodji, Claude Messan
_aNational Evaluation of Safe Start Promising Approaches
_bAssessing Program Outcomes
260 _bRAND Corporation
_c2011
650 _aEducation
856 _uwww.jstor.org/stable/10.7249/j.ctt3fgztt
999 _c352346
_d352346